Webster and Page South African Law of Trade Marks, Unlawful Competition, Company Names and Trading Styles / (Record no. 360)

MARC details
000 -LEADER
fixed length control field 00582nam a22001697a 4500
005 - DATE AND TIME OF INPUT
control field 20231107094422.0
008 - DATA ELEMENTS--GENERAL INFORMATION
fixed length control field 231107b |||||||| |||| 00| 0 eng d
020 ## - INTERNATIONAL STANDARD BOOK NUMBER
International Standard Book Number 9780409063301
041 ## - LANGUAGE CODE
Language code of text English
082 ## - SHELF NUMBER
DDC number 346.47 WEB
100 ## - MAIN AUTHOR
Main author's name Webster, GC et al.
Language of a work English
245 ## - TITLE STATEMENT
Title Webster and Page South African Law of Trade Marks, Unlawful Competition, Company Names and Trading Styles /
Statement of responsibility, etc. GC Webster et al.
260 ## - PUBLICATION, DISTRIBUTION, ETC.
Place of publication, distribution, etc. Durban :
Name of publisher, distributor, etc. LexisNexis (Pty) Ltd,
Date of publication, distribution, etc. 1997
300 ## - PHYSICAL DESCRIPTION
Other physical details x,
Dimensions 26 cm.
650 ## - SUBJECT`
Broad subject Legal practice
Own subject terms Law
942 ## - ADDED ENTRY ELEMENTS (KOHA)
Item type Books
942 ## - ADDED ENTRY ELEMENTS (KOHA)
-- ALISON_BN_VRIES
Holdings
Source of classification or shelving scheme Not for loan Collection code Home library Current library Shelving location Date acquired Full call number Barcode Price effective from Koha item type
Dewey Decimal Classification   TEXT BOOKS LAW SOCIETY OF NAMIBIA LIBRARY - WINDHOEK LAW SOCIETY OF NAMIBIA LIBRARY - WINDHOEK Property law 11/07/2023 346.47 WEB LSN/2004/23 11/07/2023 Books